Polacy, którzy strzelili gola na mundialu - Statystyki

Ogólne statystyki
  • Ten quiz został rozwiązany 89 razy
  • Średni wynik to 10 z 20
Statystyki odpowiedzi
Bramki Piłkarz % Poprawnych
2 Robert Lewandowski
100%
10 Grzegorz Lato
93%
6 Zbigniew Boniek
88%
4 Kazimierz Deyna
84%
1 Piotr Zieliński
76%
1 Grzegorz Krychowiak
75%
7 Andrzej Szarmach
65%
1 Emmanuel Olisadebe
64%
1 Jan Bednarek
53%
2 Włodzimierz Smolarek
51%
2 Bartosz Bosacki
45%
4 Ernest Wilimowski
44%
1 Marcin Żewłakow
41%
1 Jerzy Gorgoń
35%
1 Paweł Kryszałowicz
35%
1 Andrzej Buncol
18%
1 Stefan Majewski
15%
1 Janusz Kupcewicz
14%
1 Fryderyk Scherfke
11%
1 Włodzimierz Ciołek
6%
Nie znaleziono quizów pasujących do podanych kryteriów
Rozkład punktacji
Procent ludzi z każdym wynikiem
Percentyl według liczby udzielonych odpowiedzi
Twoja historia wyników
Nie rozwiązałeś tego quizu